000 01329nam0a2200373 4500
001 RU\NLR\bibl\168909
005 20250618055751.0
010 _a5-89117-060-4
_91000
021 _aRU
_b2000-55070
_92551
035 _a(NLR Aleph) 000165711
090 _a953898
_c953898
100 _a20010529d2000 |||y0rusy50 ca
101 0 _arus
102 _aRU
105 _aa |||||||||
200 1 _aКипящий вакуум Вселенной, или Гипотеза о природе гравитации
_e(Предварит. сообщ.)
_fС. И. Сухонос
210 _aМ.
_cНовый центр
_d2000
215 _a152 с.
_cил.
_d21
320 _aБиблиогр.: с. 151-152
606 0 _aГравитация
_xФилософские вопросы
_92039268
_3RU\NLR\auth\661224109
606 0 _aТяготение
_xФилософские вопросы
_92186224
_3RU\NLR\auth\661314426
610 0 _aВсемирное тяготение
610 0 _aВселенная - Модели
675 _a524.8-423
_v3
_zrus
686 _a41.23
_2rugasnti
686 _a22.632
_2rubbk
686 _aВ313.3в
700 1 _aСухонос
_bС. И.
_4070
801 0 _aRU
_bRKP
_c20010529
_gPSBO
801 1 _aRU
_bRKP
_c20010529
801 2 _aRU
_bNLR
_c20010810
_grcr
942 _cBOOK
980 _aNB